| 000 | 00748nam a22002057a 4500 | ||
|---|---|---|---|
| 999 |
_c6119 _d6119 |
||
| 005 | 20260226112319.0 | ||
| 008 | 260226b ||||| |||| 00| 0 eng d | ||
| 020 | _a9781536239836 | ||
| 040 | _cKH8 | ||
| 082 | _a823.92 | ||
| 100 |
_aSTOWELL,LOUIE _eAUTHOR |
||
| 245 | _aLOKI A BAD GOD'S GUIDE TO RULING THE WORLD | ||
| 260 |
_a99 Dover Street Somerville,Massachussets 02144 _bWalker Books US _c2025 |
||
| 300 |
_a268 pages _bb illustration _c13cm x 19cm |
||
| 520 | _aThor's half brother and god of making Loki look bad - to babysit. As Baldur and Thor bond, Loki's attempts to prove he's good start getting a bit desperate. -Library Thing- | ||
| 650 |
_aJuvenile Fiction _vMyth |
||
| 655 | _aHumour | ||
| 655 | _aMythology | ||
| 942 |
_2ddc _cFIC |
||